| 000 | 00591nam a2200229Ia 4500 | ||
|---|---|---|---|
| 003 | GCL | ||
| 008 | 140319s9999 xx 000 0 eng d | ||
| 020 | _a3822866172 | ||
| 040 |
_aGCL / _cGCL |
||
| 082 | 0 | 4 |
_a745.44 _bF W |
| 100 | 1 | _aFIELL, CHARLOTTE | |
| 245 | 1 | 0 |
_aWILLIAM MORRIS ( 1834 - 1896 ) / _cFIELL, CHARLOTTE |
| 700 | 1 | _aFIELL, PETER | |
| 260 |
_aالمانيا : _bTASCHEN ، _c1999 |
||
| 300 |
_a32 CM ؛ _c175 P |
||
| 650 | 0 | 4 | _aDESIGNERS |
| 650 | 0 | 4 | _aMORRIS, WILLIAM (1834-96) |
| 650 | 0 | 4 | _aARTS |
| 650 | 0 | 4 | _aDECORATIVE ARTS |
| 650 | 0 | 4 | _aPATTERNS |
| 942 |
_2ddc _cBK |
||
| 999 |
_c1194 _d1194 |
||